[Event "New Delhi Parsvnath op-C 17th"]
[Site "New Delhi"]
[Date "2019.01.14"]
[Round "3.8"]
[White "Rahul, Tomar"]
[Black "Manish, Kumar Sinha"]
[Result "0-1"]
[WhiteElo "1342"]
[BlackElo "1487"]
[PlyCount "58"]
[EventDate "2019.01.13"]
[EventType "swiss"]
[EventRounds "10"]
[EventCountry "IND"]
[SourceTitle "EXT 2024"]
[Source "ChessBase"]
[SourceDate "2023.10.10"]
[SourceVersion "1"]
[SourceVersionDate "2023.10.10"]
[SourceQuality "1"]

1. e4 c5 2. Nf3 d6 3. Be2 Qc7 4. c3 e6 5. Na3 a6 6. Nc2 Nf6 7. Ne3 Nbd7 8. Qc2 Be7 9. d3 b5 10. Nd2 Bb7 11. b3 0-0 12. Bb2 d5 13. f3 Qf4 14. Nef1 Rfc8 15. g3 Qd6 16. f4 e5 17. f5 c4 18. bxc4 bxc4 19. a4 cxd3 20. Bxd3 Nc5 21. Ba3 dxe4 22. Bxc5 Qxc5 23. Be2 e3 24. Nf3 Ne4 25. Rb1 Bc6 26. Rc1 Nf2 27. Rg1 Be4 28. Qa2 Bxf3 29. Bxf3 Nd3+ 0-1